000 00356nam a2200133 i 4500
001 bg
100 1 _aWOSZCZYŃSKI, Józef
245 0 _aSzkolenie podstawowe ludności w zakresie powszechnej samoobrony /
_cJózef Woszczyński.
260 _aGdańsk,
_c1978.
040 _cBPK
041 _apol
942 _cKS
008 s pl f |000 0 pol
999 _c17743
_d17743
856 _uhttp://koha.tu.koszalin.pl/cgi-bin/koha/opac-detail.pl?biblionumber=17743
_yKatalog online BPK